[Event "3. Wittelsbacher Weihnachts-Schach-Open"]
[Site "Kelheim"]
[Date "2014.12.27"]
[Round "2.5"]
[White "Lechermann, Markus"]
[Black "Gießmann, Stephan"]
[Result "1/2-1/2"]
[WhiteElo "2030"]
[BlackElo "2266"]
[PlyCount "46"]
[EventDate "2014.??.??"]
[WhiteTeam "MTV Ingolstadt"]
[BlackTeam "SK Kelheim"]

1. d4 d5 2. Bf4 c6 3. e3 Bf5 4. c4 e6 5. Nc3 Nd7 6. Nf3 Be7 7. h3 Ngf6 8. Qb3
Qb6 9. c5 Qxb3 10. axb3 a6 11. b4 Rc8 12. g4 Be4 13. Nxe4 Nxe4 14. Nd2 f5 15.
Bg2 g5 16. Bh2 O-O 17. f3 Nxd2 18. Kxd2 Bf6 19. gxf5 exf5 20. Kd3 Bg7 21. Bg3
f4 22. exf4 gxf4 23. Bf2 Rce8 1/2-1/2

[Event "3. Wittelsbacher Weihnachts-Schach-Open"]
[Site "Kelheim"]
[Date "2014.12.27"]
[Round "2.6"]
[White "Reinhardt, Bernd"]
[Black "Popp, Michael"]
[Result "1-0"]
[WhiteElo "2225"]
[BlackElo "2071"]
[PlyCount "127"]
[EventDate "2014.??.??"]
[WhiteTeam "BG Buchen"]
[BlackTeam "TV Geiselhöring"]

1. d4 Nf6 2. Nf3 c5 3. e3 cxd4 4. exd4 d5 5. Bd3 Nc6 6. c3 Bg4 7. Nbd2 e6 8.
Qa4 Bd6 9. Ne5 Qb6 10. Nxg4 Nxg4 11. h3 Nf6 12. Nf3 h6 13. O-O O-O 14. Re1 Qc7
15. Qd1 e5 16. dxe5 Nxe5 17. Nd4 Nxd3 18. Qxd3 Rfe8 19. Be3 a6 20. Nf5 Bf4 21.
Bxf4 Qxf4 22. Ne7+ Kf8 23. Nxd5 Nxd5 24. Qxd5 Qc7 25. Qf5 Kg8 26. g3 Rad8 27.
Rad1 Rf8 28. Qf3 b5 29. Kg2 Qa5 30. a3 Qc7 31. Rxd8 Rxd8 32. Re4 Qc6 33. Rd4
Qc7 34. h4 Qc8 35. Rf4 Qc7 36. a4 Rb8 37. axb5 axb5 38. Rb4 Qd6 39. Qf4 Qd5+
40. Qe4 Qd6 41. Rd4 Qc7 42. Kh2 Qc5 43. Kg1 Qb6 44. Qe7 Qg6 45. Qe4 Qb6 46. h5
Qc7 47. Qf4 Qa7 48. Kh2 Re8 49. Qf3 Qc7 50. Kg2 Qa7 51. Qc6 Rb8 52. Rd7 Qa4 53.
Rxf7 Kxf7 54. Qd5+ Ke7 55. Qe5+ Kd7 56. Qxb8 Qe4+ 57. Kh2 Qf5 58. Qb7+ Kd8 59.
Kg2 Qg5 60. Qf7 Qe5 61. Qf3 Kc7 62. b3 Kc8 63. g4 Kd7 64. Qf5+ 1-0

[Event "3. Wittelsbacher Weihnachts-Schach-Open"]
[Site "Kelheim"]
[Date "2014.12.27"]
[Round "2.7"]
[White "Maurer, Heinrich"]
[Black "Sailer, Wolfgang"]
[Result "1-0"]
[WhiteElo "2104"]
[BlackElo "2205"]
[PlyCount "149"]
[EventDate "2014.??.??"]
[WhiteTeam "SK Kelheim"]
[BlackTeam "SK Ingolstadt"]

1. e4 e6 2. d4 d5 3. Nc3 Nc6 4. Nf3 Nf6 5. e5 Ne4 6. Bd3 Bb4 7. Bd2 Nxd2 8.
Qxd2 Bd7 9. a3 Be7 10. O-O O-O 11. Ne2 f6 12. c4 fxe5 13. cxd5 exd5 14. Nxe5
Nxe5 15. dxe5 Bf5 16. Nd4 Bxd3 17. Qxd3 Qc8 18. f4 Bc5 19. Rac1 Bxd4+ 20. Qxd4
c6 21. Rc3 Qe6 22. Rcf3 g6 23. Qd3 Qf5 24. Qxf5 gxf5 25. g4 fxg4 26. Rg3 Kf7
27. Rxg4 Ke6 28. Kf2 Rf5 29. Ke3 Raf8 30. Rfg1 R8f7 31. Rh4 c5 32. Rh6+ Ke7 33.
Rg4 d4+ 34. Ke4 c4 35. Kxd4 Rxf4+ 36. Rxf4 Rxf4+ 37. Kd5 Kf7 38. Rxh7+ Kg6 39.
Rxb7 a5 40. Rc7 Rh4 41. Rxc4 Rxh2 42. Rc6+ Kf7 43. Rc7+ Ke8 44. Rb7 a4 45. Kd6
Rd2+ 46. Ke6 Kd8 47. Rb4 Rh2 48. Kd6 Rd2+ 49. Kc5 Kc7 50. Kb5 Rd5+ 51. Kxa4
Rxe5 52. Rb5 Re8 53. b4 Re3 54. Rc5+ Kb6 55. Rc4 Re1 56. Rh4 Rb1 57. Rh6+ Kb7
58. Kb5 Rg1 59. Rh7+ Kb8 60. Ka5 Rg5+ 61. b5 Rf5 62. a4 Rg5 63. Rd7 Rh5 64. Kb6
Rh6+ 65. Kc5 Rh5+ 66. Rd5 Rh8 67. a5 Kb7 68. Rd7+ Kb8 69. a6 Rh1 70. b6 Rh5+
71. Kc6 Rh6+ 72. Rd6 Rh8 73. Re6 Rg8 74. Kd7 Rc8 75. Re8 1-0

[Event "3. Wittelsbacher Weihnachts-Schach-Open"]
[Site "Kelheim"]
[Date "2014.12.27"]
[Round "2.8"]
[White "Kucera, Petr"]
[Black "Wurzel, Andre"]
[Result "0-1"]
[WhiteElo "1974"]
[BlackElo "2243"]
[PlyCount "82"]
[EventDate "2014.??.??"]
[WhiteTeam "Bystrc Oilers"]
[BlackTeam "SK Ingolstadt"]

1. e4 c5 2. Nf3 e6 3. c3 d5 4. Bb5+ Bd7 5. Bxd7+ Qxd7 6. Ne5 Qc7 7. Qa4+ Nd7 8.
Nxd7 Qxd7 9. Qxd7+ Kxd7 10. exd5 exd5 11. d4 Re8+ 12. Be3 cxd4 13. cxd4 Bb4+
14. Nd2 Nf6 15. Ke2 Bxd2 16. Kxd2 Rc8 17. Rac1 Rxc1 18. Rxc1 Rc8 19. Rxc8 Kxc8
20. f3 Kd7 21. Kc3 Kc6 22. b3 Ng8 23. g4 Ne7 24. h4 g6 25. Kd3 Kd7 26. Bd2 Nc6
27. Bc3 Nd8 28. Bd2 Ne6 29. Be3 f5 30. Bd2 fxg4 31. fxg4 h5 32. gxh5 gxh5 33.
Ke3 Ke7 34. Bc3 Kf6 35. Kf3 Kf5 36. Bb2 Nd8 37. Ba1 Nc6 38. Bc3 b5 39. a3 a6
40. a4 b4 41. Bb2 Na5 0-1

[Event "3. Wittelsbacher Weihnachts-Schach-Open"]
[Site "Kelheim"]
[Date "2014.12.27"]
[Round "2.9"]
[White "Müller, Richard"]
[Black "Seitner, Ralf"]
[Result "1-0"]
[WhiteElo "2155"]
[BlackElo "2110"]
[PlyCount "41"]
[EventDate "2014.??.??"]
[WhiteTeam "TuS Coswig"]
[BlackTeam "SK Ingolstadt"]

1. d4 Nf6 2. c4 g6 3. Nc3 Bg7 4. e4 d6 5. f3 O-O 6. Be3 c5 7. Nge2 Qa5 8. Qd2
a6 9. Rd1 Nc6 10. dxc5 dxc5 11. Nd5 Nxd5 12. cxd5 Rd8 13. Qxa5 Nxa5 14. Bxc5
Bd7 15. b3 Bb5 16. Bb6 Bxe2 17. Kxe2 Bc3 18. Bxd8 Rxd8 19. Rc1 Be5 20. b4 Bf4
21. Rc2 1-0

[Event "3. Wittelsbacher Weihnachts-Schach-Open"]
[Site "Kelheim"]
[Date "2014.12.27"]
[Round "2.10"]
[White "Müller, Daniel"]
[Black "Spieß, Martin"]
[Result "1-0"]
[WhiteElo "2045"]
[BlackElo "2123"]
[PlyCount "110"]
[EventDate "2014.??.??"]
[WhiteTeam "TG Biberach"]
[BlackTeam "SK Ingolstadt"]

1. d4 Nf6 2. g3 d5 3. Nf3 g6 4. Bg2 Bg7 5. c4 c6 6. Ne5 Ng4 7. Nxg4 Bxg4 8. Qb3
Qd7 9. cxd5 Bxd4 10. h3 Qf5 11. e3 Bf3 12. O-O Bxg2 13. Kxg2 Bb6 14. Nc3 cxd5
15. Nxd5 Nd7 16. Bd2 Nc5 17. Qc4 Qe4+ 18. Qxe4 Nxe4 19. Nxb6 axb6 20. Bb4 Rc8
21. Rac1 Kd7 22. Rfd1+ Ke6 23. f3 Nc5 24. Rd4 Rc6 25. Rcd1 Rhc8 26. g4 f6 27.
b3 Kf7 28. Kg3 Re6 29. e4 g5 30. h4 h6 31. hxg5 hxg5 32. Rh1 Kg7 33. Rd5 Rec6
34. e5 Rh8 35. exf6+ exf6 36. Rxg5+ fxg5 37. Bc3+ Kg6 38. Bxh8 Nd3 39. Rd1 Nf4
40. Rd2 Re6 41. Bb2 b5 42. Ba3 Re2 43. Bb4 Kf6 44. Rxe2 Nxe2+ 45. Kf2 Nf4 46.
Bd2 Ne6 47. Ke3 Ke5 48. Bc3+ Kd5 49. Bf6 Kc5 50. Be7+ Kd5 51. Bf6 Kc5 52. Be7+
Kd5 53. Bf6 Kc5 54. Ke4 Kb4 55. Kd5 Nc7+ 1-0

[Event "3. Wittelsbacher Weihnachts-Schach-Open"]
[Site "Kelheim"]
[Date "2014.12.27"]
[Round "2.11"]
[White "Steinmüller Günther"]
[Black "Weigert, Wilhelm"]
[Result "0-1"]
[WhiteElo "2193"]
[BlackElo "2040"]
[PlyCount "124"]
[EventDate "2014.??.??"]
[WhiteTeam "ASK St. Valentin"]
[BlackTeam "SK Kelheim"]

1. d4 c5 2. d5 Nf6 3. Nc3 e5 4. e4 d6 5. Be2 Be7 6. Nf3 Bd7 7. a4 Na6 8. O-O
Nc7 9. Nd2 Rb8 10. Nc4 a6 11. f4 b5 12. Nxe5 b4 13. Nxd7 Qxd7 14. Nb1 Nxe4 15.
Bf3 Nf6 16. Qd3 O-O 17. Nd2 Rfe8 18. Nc4 Bf8 19. Bd2 g6 20. c3 Bg7 21. Na5 bxc3
22. Bxc3 Qf5 23. Qxf5 gxf5 24. Rfd1 Ne4 25. Bxg7 Kxg7 26. Nc4 Rb4 27. Rac1 Rd8
28. Ne3 Kf6 29. Rc4 Rdb8 30. Bxe4 fxe4 31. Rdc1 h5 32. R1c2 Rxb2 33. Rxb2 Rxb2
34. Rxe4 Rd2 35. Kf1 Nxd5 36. Ke1 Rd3 37. Nxd5+ Rxd5 38. Ke2 Kf5 39. Re7 Rd4
40. Rxf7+ Ke6 41. Rh7 Rxf4 42. Rxh5 Rxa4 43. h4 Rf4 44. Ke3 Rg4 45. Kf3 Rg8 46.
g4 a5 47. Rh7 Ra8 48. g5 a4 49. g6 a3 50. g7 Rg8 51. Rh6+ Kd5 52. Rh8 Rxg7 53.
Ra8 c4 54. Rxa3 Kd4 55. h5 d5 56. h6 Rh7 57. Ra6 c3 58. Ke2 Re7+ 59. Kd1 Kd3
60. Rc6 d4 61. Rc5 Rf7 62. Ke1 c2 0-1

[Event "3. Wittelsbacher Weihnachts-Schach-Open"]
[Site "Kelheim"]
[Date "2014.12.27"]
[Round "2.12"]
[White "Weiß, Thomas"]
[Black "Fuhrmann, Max"]
[Result "0-1"]
[WhiteElo "1763"]
[BlackElo "2143"]
[PlyCount "118"]
[EventDate "2014.??.??"]
[WhiteTeam "SV Deggendorf"]
[BlackTeam "SK Kelheim"]

1. e4 c6 2. c4 d5 3. exd5 cxd5 4. cxd5 Nf6 5. Bc4 Nxd5 6. Qb3 e6 7. Nc3 Nb6 8.
Bb5+ Bd7 9. Nf3 Bxb5 10. Qxb5+ Qd7 11. Qg5 Nc6 12. O-O h6 13. Qg3 Bd6 14. Qxg7
O-O-O 15. d4 Rhg8 16. Qf6 Rg6 17. Qh4 Rdg8 18. g3 f5 19. Re1 Qg7 20. Ne2 Nd5
21. Bd2 h5 22. Rac1 Rg4 23. Qh3 Kb8 24. Kf1 Qf6 25. Rxc6 bxc6 26. Ne5 Bxe5 27.
dxe5 Qf7 28. Rc1 h4 29. Rxc6 Qd7 30. Rc2 Nb4 31. Bxb4 Qd1+ 32. Be1 Qxc2 33.
gxh4 Qc4 34. Qb3+ Qxb3 35. axb3 Rxh4 36. Bc3 Kc7 37. Nd4 Kd7 38. Nf3 Rh3 39.
Ke2 Rg4 40. Bd2 Re4+ 41. Be3 a5 42. Ng5 Rexe3+ 43. fxe3 Rxh2+ 44. Kd3 Rxb2 45.
Kc3 Rg2 46. Nf7 Rg4 47. Nd6 Rb4 48. Nf7 Re4 49. Kd3 Ke7 50. Nd6 Rxe5 51. Nc4
Rd5+ 52. Kc3 e5 53. b4 axb4+ 54. Kxb4 Ke6 55. Kc3 Rd8 56. Nb2 f4 57. exf4 exf4
58. Nd3 Kf5 59. Kd2 Ke4 0-1

[Event "3. Wittelsbacher Weihnachts-Schach-Open"]
[Site "Kelheim"]
[Date "2014.12.27"]
[Round "2.13"]
[White "Vilsmeier, Christian"]
[Black "Boos, Patrick"]
[Result "1-0"]
[WhiteElo "1989"]
[BlackElo "2122"]
[PlyCount "77"]
[EventDate "2014.??.??"]
[WhiteTeam "DJK-Regensburg Nord"]
[BlackTeam "SV Worms"]

1. e4 e6 2. d4 d5 3. Nc3 Bb4 4. e5 c5 5. Bd2 Ne7 6. Nb5 Bxd2+ 7. Qxd2 O-O 8.
dxc5 Nd7 9. Qc3 Nc6 10. Nf3 f6 11. exf6 Qxf6 12. Qxf6 Rxf6 13. Be2 Nxc5 14. O-O
Bd7 15. Rad1 a6 16. Nbd4 b5 17. Nxc6 Bxc6 18. Ne5 Rc8 19. c3 Be8 20. Bg4 Rc7
21. Rfe1 h5 22. Bf3 Na4 23. Rd2 g6 24. Nd3 Bf7 25. Bd1 Nb6 26. Bb3 g5 27. h3
Kg7 28. Ne5 Rf5 29. Rde2 Bg8 30. Nf3 Re7 31. Nd4 Rf6 32. Re5 Kg6 33. Nf3 Rxf3
34. gxf3 Kf6 35. f4 gxf4 36. Rxh5 Bf7 37. Rh6+ Kg7 38. Rh4 e5 39. Rxf4 1-0

[Event "3. Wittelsbacher Weihnachts-Schach-Open"]
[Site "Kelheim"]
[Date "2014.12.27"]
[Round "2.14"]
[White "Müller, Christian"]
[Black "Hinterreiter, Lorenz"]
[Result "1-0"]
[WhiteElo "2166"]
[BlackElo "1816"]
[PlyCount "75"]
[EventDate "2014.??.??"]
[WhiteTeam "SC Windischeschenbach"]
[BlackTeam "SK Abensberg"]

1. e4 c5 2. Nc3 d6 3. f4 Nc6 4. Nf3 Nf6 5. Bb5 e6 6. Bxc6+ bxc6 7. d3 Qb6 8. b3
Be7 9. Na4 Qc7 10. c4 d5 11. e5 Nd7 12. O-O O-O 13. Ba3 Qa5 14. Qd2 Qxd2 15.
Nxd2 Ba6 16. Rac1 Rfe8 17. Rfd1 Rac8 18. Nf3 Rc7 19. Rc2 Kf8 20. Rcd2 Rec8 21.
h4 h5 22. Ng5 Ke8 23. Kf2 Bb7 24. Kf3 Ba8 25. g4 hxg4+ 26. Kxg4 Nb6 27. Nc3 a5
28. Nf3 a4 29. Rb1 axb3 30. axb3 Ra7 31. Bb2 Rb8 32. Bc1 Bb7 33. Ra2 Rxa2 34.
Nxa2 Bc8 35. Nc3 Nd7 36. Kg3 Ra8 37. Na4 Nb8 38. Nb6 1-0

[Event "3. Wittelsbacher Weihnachts-Schach-Open"]
[Site "Kelheim"]
[Date "2014.12.27"]
[Round "2.15"]
[White "Eibl, Maximilian"]
[Black "Schilay, Lorenz"]
[Result "1-0"]
[WhiteElo "2165"]
[BlackElo "1719"]
[PlyCount "69"]
[EventDate "2014.??.??"]
[WhiteTeam "SK Kelheim"]
[BlackTeam "SK Neumarkt"]

1. e4 e5 2. Nf3 Nc6 3. d4 exd4 4. Nxd4 Bb4+ 5. c3 Bc5 6. Be3 Bb6 7. Bc4 Nf6 8.
Nd2 d5 9. Bb5 Bd7 10. Bxc6 bxc6 11. e5 Ng8 12. Qh5 Bxd4 13. Bxd4 Be6 14. O-O-O
Nh6 15. Qe2 Qe7 16. Qa6 Qd7 17. Bc5 Nf5 18. Qb7 Rc8 19. Qxa7 Ne7 20. Qa3 Bf5
21. Nb3 Bg6 22. Bxe7 Qxe7 23. Qxe7+ Kxe7 24. Nd4 Kd7 25. h4 h5 26. Ne2 Ra8 27.
a3 Rhe8 28. f4 Be4 29. Rhg1 g6 30. c4 Ke6 31. Nd4+ Kd7 32. Ne2 Ke6 33. Ng3 Ra4
34. Rd4 Bf5 35. cxd5+ 1-0

[Event "3. Wittelsbacher Weihnachts-Schach-Open"]
[Site "Kelheim"]
[Date "2014.12.27"]
[Round "2.16"]
[White "Loebel, Petra"]
[Black "Pezerovic, Edin"]
[Result "0-1"]
[WhiteElo "1787"]
[BlackElo "2418"]
[PlyCount "62"]
[EventDate "2014.??.??"]
[WhiteTeam "SC Noris-Tarrasch Nürnberg"]
[BlackTeam "Münchener SC"]

1. e4 c6 2. Nf3 d5 3. Nc3 Bg4 4. h3 Bxf3 5. Qxf3 e6 6. b3 Nf6 7. Bb2 Nbd7 8.
exd5 cxd5 9. Bb5 Rc8 10. O-O Be7 11. d4 Qa5 12. Rfe1 Bb4 13. Re3 O-O 14. Bd3
Bxc3 15. Bxc3 Rxc3 16. Bxh7+ Nxh7 17. Rxc3 Ng5 18. Qe3 Ne4 19. b4 Qd8 20. Ra3
Nb6 21. Qf4 Nc4 22. Rf3 Qg5 23. Qc7 Ned6 24. Re1 Qd2 25. Re5 Nxe5 26. dxe5 Qe1+
27. Kh2 Qxe5+ 28. g3 d4 29. Ra3 Rc8 30. Qe7 Qf5 31. Kg2 Qe4+ 0-1

[Event "3. Wittelsbacher Weihnachts-Schach-Open"]
[Site "Kelheim"]
[Date "2014.12.27"]
[Round "2.17"]
[White "Kreuzer, Helmut"]
[Black "Stadler, Wolfgang"]
[Result "0-1"]
[WhiteElo "2127"]
[BlackElo "2059"]
[PlyCount "46"]
[EventDate "2014.??.??"]
[WhiteTeam "SK Kelheim"]
[BlackTeam "SK München Südost"]

1. d4 e6 2. c4 f5 3. g3 Nf6 4. Bg2 Be7 5. b3 O-O 6. Nf3 d6 7. Bb2 a5 8. Nc3 Ne4
9. Qd3 Nxc3 10. Bxc3 Nc6 11. O-O Qe8 12. d5 Nb4 13. Qd2 e5 14. Bxb4 axb4 15.
Qxb4 Qh5 16. Qd2 Rf6 17. Rfe1 Rh6 18. h4 f4 19. e4 Bg4 20. Qd3 Rf8 21. Nd2 f3
22. Bh1 Bxh4 23. gxh4 Qxh4 0-1

[Event "3. Wittelsbacher Weihnachts-Schach-Open"]
[Site "Kelheim"]
[Date "2014.12.27"]
[Round "2.18"]
[White "Meulner, Klaus"]
[Black "Schmid, Bernhard"]
[Result "1-0"]
[WhiteElo "2117"]
[BlackElo "1797"]
[PlyCount "35"]
[EventDate "2014.??.??"]
[WhiteTeam "SW Nürnberg Süd"]
[BlackTeam "SC Sinzing"]

1. d4 d5 2. c4 dxc4 3. Nf3 c6 4. e3 Be6 5. Nbd2 b5 6. b3 c3 7. Ne4 Qa5 8. Qc2
b4 9. Nc5 Bc8 10. Ne5 e6 11. Nc4 Qc7 12. a3 Bxc5 13. dxc5 Na6 14. axb4 Nxb4 15.
Qxc3 Rb8 16. Qxg7 Nc2+ 17. Kd1 Nxa1 18. Nd6+ 1-0

[Event "3. Wittelsbacher Weihnachts-Schach-Open"]
[Site "Kelheim"]
[Date "2014.12.27"]
[Round "2.19"]
[White "Eder Andreas"]
[Black "Wltschek, Christian"]
[Result "1-0"]
[WhiteElo "1959"]
[BlackElo "1951"]
[PlyCount "85"]
[EventDate "2014.??.??"]
[WhiteTeam "SK Mostarrichi"]
[BlackTeam "TSV Wacker Neutraubling"]

1. d4 Nf6 2. Bf4 g6 3. e3 Bg7 4. c3 O-O 5. Nf3 d6 6. Bc4 b6 7. Nbd2 Bb7 8. h3
c5 9. O-O Nbd7 10. Rc1 Qc7 11. Bh2 Qc6 12. Qe2 a6 13. Bd3 e5 14. e4 Qc7 15. b4
Rfe8 16. bxc5 bxc5 17. d5 Nh5 18. Nc4 Reb8 19. Rb1 Bc8 20. Qc2 Nf8 21. Nfd2 Bd7
22. a4 Rxb1 23. Rxb1 Rb8 24. Rxb8 Qxb8 25. a5 Bb5 26. Nb6 Qa7 27. Qb2 Nf4 28.
Bxb5 axb5 29. Qxb5 Bh6 30. Bxf4 exf4 31. a6 Bg7 32. Na4 Qc7 33. Qb6 Qd7 34. a7
Qxa4 35. Qb8 Qa1+ 36. Nf1 Qxc3 37. a8=Q Qd3 38. Qxd6 Qxe4 39. Qc8 c4 40. Qdc6
c3 41. d6 Qe1 42. d7 Bd4 43. Qxf8+ 1-0

[Event "3. Wittelsbacher Weihnachts-Schach-Open"]
[Site "Kelheim"]
[Date "2014.12.27"]
[Round "2.20"]
[White "Grasser, Martin"]
[Black "Bartonicek, Zdenek"]
[Result "1/2-1/2"]
[WhiteElo "1895"]
[BlackElo "2072"]
[PlyCount "117"]
[EventDate "2014.??.??"]
[WhiteTeam "Regensb. Turnerschaft"]
[BlackTeam "TSV Kirchenlaibach"]

1. e4 e5 2. Nf3 Nc6 3. Bb5 Nd4 4. Nxd4 exd4 5. d3 Bc5 6. O-O Ne7 7. Bg5 O-O 8.
Nd2 f6 9. Bh4 c6 10. Bc4+ d5 11. exd5 cxd5 12. Bb3 Nf5 13. Nf3 Be6 14. Bg3 Nxg3
15. hxg3 Qd6 16. a3 Rae8 17. Qd2 a6 18. Rfe1 b5 19. Qf4 Qxf4 20. gxf4 Bf7 21.
Rxe8 Rxe8 22. Re1 Kf8 23. Rxe8+ Kxe8 24. Kf1 Ke7 25. Nh4 g6 26. Ke2 Kd6 27. g3
Be6 28. Kf3 Bf7 29. Ke2 Be8 30. Kd2 Bd7 31. Ke2 Bb6 32. Kf3 Ba5 33. Ke2 Bh3 34.
a4 g5 35. fxg5 fxg5 36. Nf3 Bg4 37. axb5 axb5 38. c3 dxc3 39. bxc3 Bxc3 40. Ke3
h6 41. Nd4 Bxd4+ 42. Kxd4 Be6 43. Bd1 Bf7 44. g4 Be8 45. Bb3 Bc6 46. Bd1 b4 47.
Bb3 Bb5 48. f3 Bc6 49. Bc2 Be8 50. Bb3 Bg6 51. Ba2 Be8 52. Bxd5 Ba4 53. Be4 Bb3
54. Bg6 Be6 55. Be4 Bf7 56. Bf5 Bd5 57. Be4 Be6 58. Bb7 Bf7 59. Be4 1/2-1/2

[Event "3. Wittelsbacher Weihnachts-Schach-Open"]
[Site "Kelheim"]
[Date "2014.12.27"]
[Round "2.21"]
[White "Meulner, Fabian"]
[Black "Lautner, Juergen"]
[Result "1/2-1/2"]
[WhiteElo "1926"]
[BlackElo "1932"]
[PlyCount "42"]
[EventDate "2014.??.??"]
[WhiteTeam "SW Nürnberg Süd"]
[BlackTeam "1.FC Schwarzenfeld"]

1. d4 d6 2. e4 g6 3. Nc3 Bg7 4. f4 a6 5. Nf3 b5 6. Bd3 Nd7 7. e5 Bb7 8. O-O Nh6
9. Ng5 Nb6 10. e6 f5 11. Ne2 O-O 12. Qe1 c5 13. c3 Qc8 14. Qh4 c4 15. Bc2 Qc6
16. Qh3 Nd5 17. Bd2 Nf6 18. Rae1 Nhg4 19. Ng3 h5 20. Re2 Nh6 21. Rfe1 d5
1/2-1/2

[Event "3. Wittelsbacher Weihnachts-Schach-Open"]
[Site "Kelheim"]
[Date "2014.12.27"]
[Round "2.22"]
[White "Baur, Stephan"]
[Black "Nöckler, Alexander"]
[Result "1-0"]
[WhiteElo "1938"]
[BlackElo "1947"]
[PlyCount "81"]
[EventDate "2014.??.??"]
[WhiteTeam "SK Kelheim"]
[BlackTeam "SK Weiden"]

1. d4 d5 2. c4 e6 3. Nc3 c6 4. Nf3 Nf6 5. Bg5 Nbd7 6. e3 Be7 7. Qc2 O-O 8. a3
a6 9. c5 e5 10. Be2 e4 11. Nd2 Ne8 12. Bf4 Bg5 13. g3 Qf6 14. O-O-O Bh6 15. h4
Bxf4 16. gxf4 Qe7 17. Rdg1 Ndf6 18. Rg5 h6 19. Rg3 h5 20. Rg5 g6 21. Qd1 Ng4
22. Qg1 Nef6 23. Nf1 Nh7 24. Rxg4 Bxg4 25. Bxg4 hxg4 26. Qxg4 Qe6 27. Qg2 Nf6
28. Rg1 Kg7 29. Qg5 Nh7 30. Qg2 Qf6 31. Ng3 Qe6 32. f5 Qe8 33. Nh5+ Kh8 34.
fxg6 fxg6 35. Nf4 g5 36. hxg5 Kg7 37. Qh3 Rh8 38. Qh6+ Kg8 39. Rh1 Qf8 40. Qe6+
Kg7 41. Qg6# 1-0

[Event "3. Wittelsbacher Weihnachts-Schach-Open"]
[Site "Kelheim"]
[Date "2014.12.27"]
[Round "2.23"]
[White "Hornung, Hans"]
[Black "Müller, Johannes"]
[Result "1-0"]
[WhiteElo "2132"]
[BlackElo "1768"]
[PlyCount "51"]
[EventDate "2014.??.??"]
[WhiteTeam "SK Klosterlechfeld"]
[BlackTeam "SK Kelheim"]

1. Nf3 Nf6 2. c4 g6 3. Nc3 Bg7 4. e4 d6 5. d4 O-O 6. Be2 c5 7. d5 e6 8. O-O
exd5 9. cxd5 Re8 10. Nd2 a6 11. a4 b6 12. f4 Ra7 13. Bf3 Rae7 14. Kh1 b5 15.
axb5 axb5 16. Nxb5 Qb6 17. Nxd6 Qxd6 18. e5 Qb6 19. Nc4 Qd8 20. Nd6 Ba6 21.
Nxe8 Nxe8 22. Re1 Ra7 23. Be3 Bf8 24. b4 Qb6 25. d6 Qxb4 26. Rb1 1-0

[Event "3. Wittelsbacher Weihnachts-Schach-Open"]
[Site "Kelheim"]
[Date "2014.12.27"]
[Round "2.24"]
[White "Braun, Michael"]
[Black "Stierle, Martin"]
[Result "1-0"]
[WhiteElo "2027"]
[BlackElo "1894"]
[PlyCount "67"]
[EventDate "2014.??.??"]
[WhiteTeam "SG Büchenbach/Roth"]
[BlackTeam "SG Donautal Tuttlingen"]

1. d4 Nf6 2. Nf3 c5 3. c4 g6 4. g3 Bg7 5. Bg2 O-O 6. O-O d6 7. Nc3 Nc6 8. dxc5
dxc5 9. Qa4 Bd7 10. Be3 Nd4 11. Qd1 Nxf3+ 12. Bxf3 Qc8 13. Qb3 Bc6 14. Nd5 Bxd5
15. cxd5 b6 16. d6 exd6 17. Bxa8 Qxa8 18. Rfd1 d5 19. Bg5 c4 20. Qc2 Ne4 21.
Be3 Qc6 22. Bd4 Bxd4 23. Rxd4 Qf6 24. e3 Qf3 25. Rf1 Ng5 26. h4 Ne6 27. Rd2 d4
28. Qxc4 dxe3 29. Qe2 exf2+ 30. Qxf2 Qxf2+ 31. Rfxf2 Nc5 32. Rfe2 Kg7 33. b4
Ne6 34. Rd7 1-0

[Event "3. Wittelsbacher Weihnachts-Schach-Open"]
[Site "Kelheim"]
[Date "2014.12.27"]
[Round "2.25"]
[White "Link, Robert"]
[Black "Nussbaumer Johann"]
[Result "0-1"]
[WhiteElo "1792"]
[BlackElo "2041"]
[PlyCount "56"]
[EventDate "2014.??.??"]
[WhiteTeam "SK Klingenberg"]
[BlackTeam "ASK St. Valentin"]

1. e4 c5 2. Nf3 Nc6 3. d4 cxd4 4. Nxd4 e5 5. Nb5 a6 6. Nd6+ Bxd6 7. Qxd6 Qf6 8.
Qxf6 Nxf6 9. Nc3 Nb4 10. Bd3 d6 11. a3 Nxd3+ 12. cxd3 Be6 13. f4 b5 14. f5 Bb3
15. h3 Rc8 16. Be3 d5 17. Nxd5 Nxd5 18. exd5 Bxd5 19. Rg1 O-O 20. Kd2 Rfd8 21.
Bb6 Rd6 22. Rac1 Bc4 23. d4 Rxb6 24. b3 exd4 25. bxc4 bxc4 26. Rge1 Rb2+ 27.
Kd1 c3 28. Re4 Rd2+ 0-1

[Event "3. Wittelsbacher Weihnachts-Schach-Open"]
[Site "Kelheim"]
[Date "2014.12.27"]
[Round "2.26"]
[White "Bader, Dominic"]
[Black "Urban, Rudolf"]
[Result "1-0"]
[WhiteElo "2103"]
[BlackElo "1873"]
[PlyCount "75"]
[EventDate "2014.??.??"]
[WhiteTeam "SG Büchenbach/Roth"]
[BlackTeam "SC Roter Turm Altstadt"]

1. e4 e5 2. Nc3 c6 3. f4 d6 4. Nf3 Qc7 5. d4 Bg4 6. Bc4 Nf6 7. Bb3 Be7 8. Be3
Nbd7 9. Qd2 Bxf3 10. gxf3 exd4 11. Bxd4 Nc5 12. Qg2 Nxb3 13. axb3 Rg8 14. O-O-O
O-O-O 15. Rhe1 Nd7 16. Qh3 h6 17. Qh5 Rdf8 18. Rd3 Nf6 19. Qh3+ Qd7 20. Qf1 Nh5
21. Be3 g5 22. fxg5 hxg5 23. Bxa7 Nf4 24. Rd2 g4 25. Na4 Qe6 26. Be3 Ng6 27.
Nb6+ Kc7 28. Nc4 gxf3 29. Bb6+ Kc8 30. Qxf3 Rh8 31. Kb1 d5 32. Qg3 Qd7 33. Ba5
Bc5 34. Bb6 Bb4 35. c3 Be7 36. exd5 cxd5 37. Rxd5 Qc6 38. Rxe7 1-0

[Event "3. Wittelsbacher Weihnachts-Schach-Open"]
[Site "Kelheim"]
[Date "2014.12.27"]
[Round "2.27"]
[White "Seidenschwarz, Holger"]
[Black "Lohr, Werner"]
[Result "1-0"]
[WhiteElo "1976"]
[BlackElo "1735"]
[PlyCount "87"]
[EventDate "2014.??.??"]
[WhiteTeam "SK Kelheim"]
[BlackTeam "TSV Mainburg"]

1. e4 d5 2. exd5 Qxd5 3. Nc3 Qa5 4. d4 c6 5. Bc4 Nf6 6. Bd2 Qc7 7. Qe2 Bf5 8.
O-O-O e6 9. f3 h5 10. g3 Nbd7 11. Bf4 Bd6 12. Bxd6 Qxd6 13. d5 Qe5 14. dxe6
Bxe6 15. Qxe5 Nxe5 16. Bxe6 fxe6 17. Re1 Nfd7 18. f4 Ng4 19. Nf3 O-O-O 20. Rxe6
Rde8 21. Rhe1 Kd8 22. h3 Ngf6 23. Ng5 Rhf8 24. Rxe8+ Rxe8 25. Nf7+ Kc7 26. Rxe8
Nxe8 27. Ne4 Nef6 28. Nfg5 Nxe4 29. Nxe4 c5 30. Kd2 b5 31. g4 hxg4 32. hxg4 Kc6
33. g5 a5 34. Ke3 a4 35. Nc3 Nb6 36. b3 axb3 37. axb3 b4 38. Na4 Nd5+ 39. Ke4
Kd6 40. f5 Nc7 41. Nb6 Nb5 42. Nc4+ Kc6 43. f6 gxf6 44. g6 1-0

[Event "3. Wittelsbacher Weihnachts-Schach-Open"]
[Site "Kelheim"]
[Date "2014.12.27"]
[Round "2.28"]
[White "Blank, Stefan"]
[Black "Goderbauer, Benedikt"]
[Result "0-1"]
[WhiteElo "1827"]
[BlackElo "1818"]
[PlyCount "132"]
[EventDate "2014.??.??"]
[WhiteTeam "SC Sulzbach"]
[BlackTeam "SC Moosburg"]

1. e4 c6 2. d3 d5 3. Nd2 e5 4. Ngf3 Bd6 5. d4 exd4 6. Nxd4 Nf6 7. exd5 cxd5 8.
Bb5+ Bd7 9. Qe2+ Qe7 10. Qxe7+ Bxe7 11. Bxd7+ Kxd7 12. O-O Nc6 13. N2f3 Nxd4
14. Nxd4 Bc5 15. Nb3 Bb6 16. Bf4 Rhe8 17. Rfe1 Ng4 18. Bg3 f5 19. h3 f4 20. Bh4
Ne5 21. Kf1 Ng6 22. g3 Nxh4 23. gxh4 Rxe1+ 24. Rxe1 Kd6 25. Nd2 Rc8 26. c3 h6
27. Nf3 Rf8 28. Rd1 Rc8 29. Rd3 Bd8 30. b3 Ke6 31. Nd4+ Ke5 32. Ke2 Bf6 33. Kd2
a6 34. a4 Ke4 35. h5 Bxd4 36. Rxd4+ Kf3 37. Rxd5 Kxf2 38. Rd7 f3 39. Rxg7 Rd8+
40. Kc2 Rd5 41. Rxb7 Rxh5 42. Rb6 Rxh3 43. b4 Kg2 44. Rg6+ Rg3 45. Rxh6 f2 46.
Rf6 Rf3 47. Rg6+ Kh3 48. Rh6+ Kg4 49. Rh1 f1=Q 50. Rxf1 Rxf1 51. Kd3 Kf5 52.
Kd4 Ke6 53. Kc5 Kd7 54. c4 Kc7 55. a5 Rf5+ 56. Kd4 Kc6 57. Ke4 Rh5 58. Kd3 Kd6
59. Kc3 Ke5 60. b5 axb5 61. cxb5 Kd6 62. Kb4 Rh4+ 63. Kb3 Kc5 64. b6 Kb5 65. b7
Rb4+ 66. Ka3 Kxa5 0-1